000 01011cam a22003137a 4500
003 CHAP
005 20230822062638.0
008 971013c19841975 r 00010 d
010 _a43778
011 _a44750
035 _a48888
040 _cCHAP
082 _a338.9
_bF86Y
100 0 0 _aFurtado, Celso.
_944074
245 1 3 _aEl desarrollo económico
_b: un mito
260 _aMéxico, D.F. :
_bSiglo XXI,
_c1984 (c.1975)
300 _a141 p.
490 0 _aEconomía y demografía
590 _aBATCH-UPD
_b10
_c20130110
_lUCH01
_h1026
590 _aBATCH-UPD
_b10
_c20130410
_lUCH01
_h0630
590 _aBATCH-UPD
_b10
_c20130914
_lUCH01
_h1150
590 _aCONVERSION
_b10
_c20130109
_lUCH01
_h1324
650 1 4 _aDesarrollo económico.
830 0 4 _aEconomía y demografía (Siglo XXI Editores)
_935280
901 _aBK
942 _cLIBRO
949 _a338.9 F86Y
_bBC
_cLIBRO
_d-110484
_eLIBRO
_fc.2
_gI.c/e
_h67243
_i48888
_si
949 _a338.9 F86Y
_bBC
_cLIBRO
_d33724000418182
_eLIBRO
_gI.c/e
_h67242
_i48888
_si
999 _c43778
_d43778